Optical Sensors : (Record no. 16154)
[ view plain ]
| 000 -LEADER | |
|---|---|
| fixed length control field | 01753cam a2200409 a 4500 |
| 001 - CONTROL NUMBER | |
| control field | 13656307 |
| 005 - DATE AND TIME OF LATEST TRANSACTION | |
| control field | 20080307142238.0 |
| 008 - FIXED-LENGTH DATA ELEMENTS--GENERAL INFORMATION | |
| fixed length control field | 040715s2004 gw a b 001 0 eng |
| 010 ## - LIBRARY OF CONGRESS CONTROL NUMBER | |
| LC control number | 2004273357 |
| 015 ## - NATIONAL BIBLIOGRAPHY NUMBER | |
| National bibliography number | GBA3-T6786 |
| 016 7# - NATIONAL BIBLIOGRAPHIC AGENCY CONTROL NUMBER | |
| Record control number | 968669956 |
| Source | GyFmDB |
| 020 ## - INTERNATIONAL STANDARD BOOK NUMBER | |
| International Standard Book Number | 354040886X |
| 020 ## - INTERNATIONAL STANDARD BOOK NUMBER | |
| International Standard Book Number | 9783540408864 |
| 035 ## - SYSTEM CONTROL NUMBER | |
| System control number | (OCoLC)ocm53392873 |
| 040 ## - CATALOGING SOURCE | |
| Original cataloging agency | UKM |
| Transcribing agency | UKM |
| Modifying agency | OHX |
| -- | BGU |
| -- | DLC |
| 042 ## - AUTHENTICATION CODE | |
| Authentication code | lccopycat |
| 050 00 - LIBRARY OF CONGRESS CALL NUMBER | |
| Classification number | TK8360.O67 |
| Item number | N37 2004 |
| 072 #7 - SUBJECT CATEGORY CODE | |
| Subject category code | QD |
| Source | lcco |
| 082 00 - DEWEY DECIMAL CLASSIFICATION NUMBER | |
| Classification number | 681.25 |
| Edition number | 22 |
| Item number | NAR |
| 100 1# - MAIN ENTRY--PERSONAL NAME | |
| Personal name | Narayanaswamy, R. |
| Fuller form of name | (Ramaier) |
| 9 (RLIN) | 27580 |
| 245 10 - TITLE STATEMENT | |
| Title | Optical Sensors : |
| Remainder of title | Industrial, Environmental, and Diagnostic Applications / |
| Statement of responsibility, etc | Ramaier Narayanaswamy, Otto S. Wolfbeis. |
| 260 ## - PUBLICATION, DISTRIBUTION, ETC. (IMPRINT) | |
| Place of publication, distribution, etc | Berlin ; |
| -- | New York : |
| Name of publisher, distributor, etc | Springer, 2004 |
| Date of publication, distribution, etc | c2004. |
| 300 ## - PHYSICAL DESCRIPTION | |
| Extent | xx, 421 p. : |
| Other physical details | ill. (some col.) ; |
| Dimensions | 24 cm. |
| 490 ## - Series Statement | |
| -- | 27579 |
| Series statement | Springer Series on Chemical Sensors and Biosensors ; |
| Volume/sequential designation | 01 |
| 504 ## - BIBLIOGRAPHY, ETC. NOTE | |
| Bibliography, etc | Includes bibliographical references and index |
| 650 #0 - SUBJECT ADDED ENTRY--TOPICAL TERM | |
| Topical term or geographic name as entry element | Optical detectors. |
| 9 (RLIN) | 27581 |
| 650 #0 - SUBJECT ADDED ENTRY--TOPICAL TERM | |
| Topical term or geographic name as entry element | Chemical detectors. |
| 9 (RLIN) | 27582 |
| 650 #0 - SUBJECT ADDED ENTRY--TOPICAL TERM | |
| Topical term or geographic name as entry element | Biosensors. |
| 9 (RLIN) | 27583 |
| 653 ## - INDEX TERM--UNCONTROLLED | |
| Resource For college | |
| Arrived date list | October2011 |
| 700 1# - ADDED ENTRY--PERSONAL NAME | |
| Personal name | Wolfbeis, Otto S. |
| 9 (RLIN) | 27584 |
| 856 42 - ELECTRONIC LOCATION AND ACCESS | |
| Materials specified | Contributor biographical information |
| Uniform Resource Identifier | <a href="http://www.loc.gov/catdir/enhancements/fy0817/2004273357-b.html">http://www.loc.gov/catdir/enhancements/fy0817/2004273357-b.html</a> |
| 856 42 - ELECTRONIC LOCATION AND ACCESS | |
| Materials specified | Publisher description |
| Uniform Resource Identifier | <a href="http://www.loc.gov/catdir/enhancements/fy0817/2004273357-d.html">http://www.loc.gov/catdir/enhancements/fy0817/2004273357-d.html</a> |
| 856 41 - ELECTRONIC LOCATION AND ACCESS | |
| Materials specified | Table of contents only |
| Uniform Resource Identifier | <a href="http://www.loc.gov/catdir/enhancements/fy0817/2004273357-t.html">http://www.loc.gov/catdir/enhancements/fy0817/2004273357-t.html</a> |
| 942 ## - ADDED ENTRY ELEMENTS (KOHA) | |
| Source of classification or shelving scheme | Dewey Decimal Classification |
| Item type | Book - Borrowing |
| Withdrawn status | Item status | Source of classification or shelving scheme | Damaged status | Not for loan | Vendor | Home library | Current library | Shelving location | Date acquired | Source of acquisition | Cost, normal purchase price | Total Checkouts | Full call number | Barcode | Date last seen | Koha item type |
|---|---|---|---|---|---|---|---|---|---|---|---|---|---|---|---|---|
| Dewey Decimal Classification | سور الازبكية | Central Library | Central Library | First floor | 25/10/2011 | 160.00 | 681.25 NAR | 000025474 | 15/07/2025 | Book - Borrowing |